[Event "FLORIPA CHESS OPEN 2015"]
[Site "Florianopolis/SC"]
[Date "2015.01.17"]
[Round "7"]
[Board "10"]
[White "Abdalla, Luiz Guilherme Aurell"]
[Black "Faig, Cristian"]
[Result "1-0"]
[WhiteElo "2304"]
[BlackElo "2176"]
[PlyCount "71"]
[EventDate "2015.01.14"]
[EventRounds "10"]
[EventCountry "BRA"]

1. d4 Nf6 2. c4 g6 3. Nc3 Bg7 4. e4 d6 5. Nf3 O-O 6. Be2 Na6 7. O-O e5 8. Be3
exd4 9. Nxd4 Nc5 10. f3 a5 11. Qd2 Re8 12. Rad1 a4 13. Ndb5 Ne6 14. e5 Nd7 15.
exd6 c6 16. Nd4 Ra5 17. Rfe1 Re5 18. Bf2 Rh5 19. f4 Ra5 20. Bf3 Ndf8 21. Nc2
Qf6 22. Nd5 cxd5 23. Qxa5 dxc4 24. Qxa4 Bd7 25. Qxc4 Rc8 26. Qb3 Qxf4 27. Nb4
Qg5 28. Nd5 Rb8 29. Qe3 Qd8 30. Qb6 Qg5 31. h4 Qd8 32. Qxd8 Nxd8 33. Bd4 Be6
34. a3 Nd7 35. Nc7 Bh6 36. Bd5 1-0

[Event "FLORIPA CHESS OPEN 2015"]
[Site "Florianopolis/SC"]
[Date "2015.01.17"]
[Round "7"]
[Board "11"]
[White "Rocha, Vitor Firmo De Souza"]
[Black "Gazel, Frederico"]
[Result "1/2-1/2"]
[WhiteElo "2040"]
[BlackElo "2292"]
[PlyCount "107"]
[EventDate "2015.01.14"]
[EventRounds "10"]
[EventCountry "BRA"]

1. e4 e5 2. Nf3 Nc6 3. Bb5 a6 4. Ba4 Nf6 5. O-O Be7 6. Re1 b5 7. Bb3 d6 8. c3
O-O 9. d4 Bg4 10. Be3 exd4 11. cxd4 Na5 12. Bc2 c5 13. dxc5 dxc5 14. Nbd2 Nc6
15. h3 Bh5 16. g4 Bg6 17. Nh4 Nb4 18. Nf5 Bxf5 19. gxf5 Ra7 20. e5 Rd7 21. exf6
Bxf6 22. Qc1 Rxd2 23. Bxd2 Bxb2 24. Qxb2 Qxd2 25. Rac1 Nd3 26. Qb1 Qxf2+ 27.
Kh1 Qf3+ 28. Kh2 Qf2+ 29. Kh1 Nxc1 30. Rxc1 Qf3+ 31. Kg1 Qg3+ 32. Kf1 Qf3+ 33.
Kg1 Qg3+ 34. Kf1 Qxh3+ 35. Kg1 Qg3+ 36. Kf1 Rd8 37. Rd1 Qf3+ 38. Kg1 Qg3+ 39.
Kf1 Qf3+ 40. Kg1 Qg4+ 41. Kf1 Qf4+ 42. Kg1 Rd4 43. Rxd4 Qxd4+ 44. Kg2 Qg4+ 45.
Kf1 g6 46. Be4 c4 47. Qc2 Qf4+ 48. Kg1 Qe3+ 49. Kh1 Qd4 50. Qg2 Kg7 51. Bc2 Qc3
52. Qe2 a5 53. Qe4 a4 54. Kg2 {IlegÃƒÂ­vel} 1/2-1/2

[Event "FLORIPA CHESS OPEN 2015"]
[Site "Florianopolis/SC"]
[Date "2015.01.17"]
[Round "7"]
[Board "12"]
[White "Pires, Marcos Vinicius Torsani"]
[Black "Pottker, Gustavo Sartori"]
[Result "0-1"]
[WhiteElo "2274"]
[BlackElo "2109"]
[PlyCount "100"]
[EventDate "2015.01.14"]
[EventRounds "10"]
[EventCountry "BRA"]

1. Nf3 Nf6 2. c4 e6 3. g3 b6 4. Bg2 Bb7 5. O-O d5 6. cxd5 exd5 7. Nc3 Be7 8. d4
O-O 9. Bf4 c5 10. Re1 Nc6 11. dxc5 bxc5 12. Rc1 Rc8 13. Bh3 Ra8 14. Nb5 Qb6 15.
a4 Nb4 16. Bc7 Qa6 17. Nh4 Ne4 18. Nf5 Bg5 19. e3 Bf6 20. Bd6 Nxd6 21. Nfxd6 c4
22. Rb1 Rfd8 23. Nxb7 Qxb7 24. Re2 Rab8 25. Rd2 a6 26. Nd4 Nd3 27. Bf5 Nc5 28.
Bc2 g6 29. b4 Ne4 30. Bxe4 dxe4 31. Qc1 Rdc8 32. Ne2 Qe7 33. Nc3 Qe5 34. Rd4
Qf5 35. Nd5 Bd8 36. Rxc4 Rxc4 37. Qxc4 Rc8 38. Qb3 h5 39. h4 g5 40. hxg5 Bxg5
41. Nf4 h4 42. Kg2 Qg4 43. Qd1 Qf5 44. g4 Qe5 45. Nh3 Bxe3 46. Rb3 Bb6 47. f4
exf3+ 48. Rxf3 Qe4 49. Qd7 Rc2+ 50. Nf2 Rxf2+ 0-1

[Event "FLORIPA CHESS OPEN 2015"]
[Site "Florianopolis/SC"]
[Date "2015.01.17"]
[Round "7"]
[Board "13"]
[White "Franca, Willian Bento"]
[Black "Delgado, Lidio Dias"]
[Result "1/2-1/2"]
[WhiteElo "2008"]
[BlackElo "2262"]
[PlyCount "32"]
[EventDate "2015.01.14"]
[EventRounds "10"]
[EventCountry "BRA"]

1. d4 Nf6 2. c4 c5 3. d5 b5 4. cxb5 a6 5. bxa6 Bxa6 6. Nc3 d6 7. Nf3 g6 8. g3
Bg7 9. Bg2 O-O 10. Rb1 Nbd7 11. O-O Qa5 12. Qd2 Ng4 13. Qg5 Ngf6 14. Qd2 Ng4
15. Qg5 Ngf6 16. Qd2 Ng4 1/2-1/2

[Event "FLORIPA CHESS OPEN 2015"]
[Site "Florianopolis/SC"]
[Date "2015.01.17"]
[Round "7"]
[Board "14"]
[White "Dejeanne, Francisco"]
[Black "Lorenzon, Eduardo Lucas"]
[Result "1-0"]
[WhiteElo "2240"]
[BlackElo "1830"]
[PlyCount "117"]
[EventDate "2015.01.14"]
[EventRounds "10"]
[EventCountry "BRA"]

1. d4 d6 2. c4 Nc6 3. d5 Nb8 4. Nc3 e5 5. dxe6 fxe6 6. e4 Nc6 7. f4 e5 8. Nf3
Bg4 9. Be2 Nf6 10. Ng5 Bxe2 11. Qxe2 Nd4 12. Qd3 h6 13. Nf3 Nxf3+ 14. Qxf3 Qd7
15. f5 O-O-O 16. O-O Be7 17. Be3 Qc6 18. Rac1 Kd7 19. b4 Ke8 20. b5 Qd7 21. Kh1
Kf8 22. a4 b6 23. a5 Kg8 24. Ra1 Kh7 25. Ra2 Rhg8 26. axb6 axb6 27. Ra7 Rb8 28.
Qh3 Bd8 29. Bg5 Qf7 30. Bxf6 Qxc4 31. Rc1 Bxf6 32. Ra4 Qb3 33. Rb1 Qf7 34. Nd5
Ra8 35. Rba1 Rxa4 36. Rxa4 Bd8 37. Ra7 Rf8 38. Nxb6 g6 39. Nd5 gxf5 40. Qxf5+
Qxf5 41. exf5 Rxf5 42. g4 Rf1+ 43. Kg2 Rd1 44. Nxc7 Kg6 45. Ne6 Bb6 46. Ra6 Kf7
47. Nf4 exf4 48. Rxb6 Rd2+ 49. Kf3 Rxh2 50. Rxd6 Rb2 51. b6 Kg7 52. Kxf4 Rb4+
53. Kf5 Rb5+ 54. Ke6 Rb4 55. Kd7 Rxg4 56. b7 Rb4 57. Kc7 Rxb7+ 58. Kxb7 h5 59.
Kc6 1-0

[Event "FLORIPA CHESS OPEN 2015"]
[Site "Florianopolis/SC"]
[Date "2015.01.17"]
[Round "7"]
[Board "16"]
[White "Nunes Jr, Sidney"]
[Black "Paveto, Kevin"]
[Result "0-1"]
[WhiteElo "2034"]
[BlackElo "2437"]
[PlyCount "56"]
[EventDate "2015.01.14"]
[EventRounds "10"]
[EventCountry "BRA"]

1. Nf3 Nf6 2. c4 g6 3. Nc3 Bg7 4. e4 d6 5. d4 O-O 6. Be2 e5 7. O-O Nc6 8. d5
Ne7 9. Nd2 a5 10. a3 Bd7 11. b3 c6 12. Rb1 Qb8 13. b4 axb4 14. axb4 cxd5 15.
cxd5 b5 16. Nb3 Rc8 17. Bb2 Rxc3 18. Bxc3 Nxe4 19. Bb2 Ra4 20. Na5 Rxb4 21. Bf3
Qb6 22. Qe1 Ra4 23. Bxe4 Rxa5 24. Bc2 Ra8 25. Bb3 Nf5 26. Qd2 Bh6 27. Qd1 Ne3
28. Qd2 Kg7 0-1

[Event "FLORIPA CHESS OPEN 2015"]
[Site "Florianopolis/SC"]
[Date "2015.01.17"]
[Round "7"]
[Board "17"]
[White "Bueno, Alfeu Junior Varela"]
[Black "Martins, Anderson Donay"]
[Result "0-1"]
[WhiteElo "2251"]
[BlackElo "2000"]
[PlyCount "96"]
[EventDate "2015.01.14"]
[EventRounds "10"]
[EventCountry "BRA"]

1. e4 c5 2. Nc3 Nc6 3. f4 g6 4. Nf3 Bg7 5. Bb5 Nd4 6. O-O Nxb5 7. Nxb5 a6 8.
Nc3 d6 9. d3 e6 10. Be3 Qc7 11. f5 Nf6 12. Qe1 Bd7 13. Qh4 h6 14. fxg6 fxg6 15.
Qg3 g5 16. Nxg5 hxg5 17. Qxg5 O-O 18. Qg3 e5 19. Bg5 Nh5 20. Qh4 Nf4 21. g3
Nh3+ 22. Kg2 Nxg5 23. Qxg5 Be6 24. h4 Rxf1 25. Rxf1 Rf8 26. Nd5 Bxd5 27. Rxf8+
Kxf8 28. exd5 Qe7 29. Qf5+ Kg8 30. Qc8+ Bf8 31. b3 Qf7 32. c4 Qg6 33. g4 Qxd3
34. Qe6+ Kg7 35. Qd7+ Kh8 36. Qf7 Qe4+ 37. Kg3 Qe3+ 38. Kg2 Bg7 39. g5 Qe2+ 40.
Kg3 e4 41. h5 Be5+ 42. Kh4 Qh2+ 43. Kg4 Qg3+ 44. Kf5 Qf4+ 45. Kg6 Qxf7+ 46.
Kxf7 Kh7 47. g6+ Kh6 48. g7 Bxg7 0-1

[Event "FLORIPA CHESS OPEN 2015"]
[Site "Florianopolis/SC"]
[Date "2015.01.17"]
[Round "7"]
[Board "18"]
[White "Boff, Andre Ricardo"]
[Black "Garkauskas, Otto Dmitry"]
[Result "1-0"]
[WhiteElo "2000"]
[BlackElo "2202"]
[PlyCount "77"]
[EventDate "2015.01.14"]
[EventRounds "10"]
[EventCountry "BRA"]

1. d4 Nf6 2. Nf3 g6 3. e3 Bg7 4. Be2 O-O 5. O-O d6 6. b3 Nbd7 7. Bb2 c6 8. c4
Re8 9. Nc3 e5 10. dxe5 dxe5 11. b4 Qe7 12. Qb3 e4 13. Nd2 Nf8 14. c5 h5 15. Nc4
Be6 16. a3 N8h7 17. Qc2 Bxc4 18. Bxc4 Qc7 19. h3 h4 20. Ne2 Rad8 21. Rad1 Rxd1
22. Rxd1 g5 23. Qd2 Bf8 24. Qd4 Qc8 25. Bb3 g4 26. Nf4 gxh3 27. gxh3 Bg7 28.
Qd6 Qf5 29. Kg2 Ng5 30. Bxf6 Bxf6 31. Qd7 Qxd7 32. Rxd7 Re7 33. Nh5 Re5 34.
Nxf6+ Kg7 35. Ng4 Rf5 36. Rxb7 Rf3 37. Ne5 Rf5 38. Nxf7 Nf3 39. Nd6+ 1-0

[Event "FLORIPA CHESS OPEN 2015"]
[Site "Florianopolis/SC"]
[Date "2015.01.17"]
[Round "7"]
[Board "19"]
[White "Born, Carlos Rodrigo"]
[Black "Salama, Andre Sasson"]
[Result "1/2-1/2"]
[WhiteElo "2199"]
[BlackElo "1997"]
[PlyCount "65"]
[EventDate "2015.01.14"]
[EventRounds "10"]
[EventCountry "BRA"]

1. e4 c5 2. Nf3 e6 3. d4 cxd4 4. Nxd4 Nf6 5. Nc3 Nc6 6. Ndb5 Bb4 7. a3 Bxc3+ 8.
Nxc3 Qa5 9. Bd2 Qb6 10. Be3 Qxb2 11. Nb5 O-O 12. c3 Na5 13. Rb1 Qa2 14. Qc1 Nc4
15. Ra1 Qb3 16. Rb1 Qa2 17. Rb4 Nxe3 18. Rb2 Qxb2 19. Qxb2 Nxf1 20. Rxf1 Nxe4
21. Qb4 d5 22. f3 Nf6 23. Rf2 Bd7 24. Nd4 b6 25. Rc2 Rfc8 26. g4 Rc4 27. Qe7 e5
28. Ne2 Re8 29. Qd6 Rc6 30. Qb4 d4 31. Rd2 Nd5 32. Qb2 d3 33. Ng3 1/2-1/2

[Event "FLORIPA CHESS OPEN 2015"]
[Site "Florianopolis/SC"]
[Date "2015.01.17"]
[Round "7"]
[Board "20"]
[White "Paniagua Chnelik, Sebastian"]
[Black "Zonta, Juliano Artemio"]
[Result "1-0"]
[WhiteElo "2197"]
[BlackElo "1973"]
[PlyCount "93"]
[EventDate "2015.01.14"]
[EventRounds "10"]
[EventCountry "BRA"]

1. d4 Nf6 2. c4 g6 3. Nc3 Bg7 4. e4 d6 5. Nf3 O-O 6. Be2 e5 7. O-O Nc6 8. d5
Ne7 9. Ne1 Nd7 10. Be3 f5 11. f3 f4 12. Bf2 g5 13. Rc1 Rf7 14. c5 a6 15. cxd6
cxd6 16. Qb3 Bf8 17. Qa3 Ng6 18. Nb5 Nf6 19. Nc7 Rxc7 20. Bb6 Ne8 21. Qa5 h5
22. Bxc7 Qd7 23. h3 Nf6 24. Bd8 Ne7 25. Nd3 g4 26. Nf2 g3 27. Nd3 Ne8 28. Rc2
Ng6 29. Rfc1 Rb8 30. Qb6 Ra8 31. b3 Nh8 32. Qa5 Nf7 33. Bb6 Be7 34. Bf1 Nf6 35.
Nb2 Qe8 36. Na4 Ng5 37. Rc3 Bd7 38. Bc7 Rc8 39. Nb6 Nfxe4 40. Nxc8 Bxc8 41.
fxe4 Bxh3 42. gxh3 Nxe4 43. Qa4 Qg6 44. Bd3 Qf5 45. Qxe4 Qxh3 46. R1c2 h4 47.
Bxd6 1-0

[Event "FLORIPA CHESS OPEN 2015"]
[Site "Florianopolis/SC"]
[Date "2015.01.17"]
[Round "7"]
[Board "21"]
[White "Alboredo, Julia"]
[Black "Crespo De Oliveira, Lucas"]
[Result "1/2-1/2"]
[WhiteElo "1995"]
[BlackElo "2194"]
[PlyCount "97"]
[EventDate "2015.01.14"]
[EventRounds "10"]
[EventCountry "BRA"]

1. e4 c5 2. Nf3 d6 3. d4 cxd4 4. Nxd4 Nf6 5. Nc3 Nc6 6. Bg5 Qb6 7. Nb3 e6 8.
Qd2 Be7 9. O-O-O O-O 10. f3 Rd8 11. Be3 Qc7 12. Qf2 Nd7 13. f4 a5 14. a4 b6 15.
g4 Nc5 16. Kb1 Bb7 17. g5 Nb4 18. Nxc5 bxc5 19. Bg2 d5 20. Nb5 Qb6 21. c3 Na6
22. exd5 exd5 23. f5 f6 24. h4 Rac8 25. Rd2 Nc7 26. Nxc7 Rxc7 27. Rhd1 d4 28.
cxd4 c4 29. d5 Bc5 30. Bxc5 Rxc5 31. gxf6 gxf6 32. d6 c3 33. Rc2 Bxg2 34. Qxg2+
Kh8 35. d7 Rc7 36. Re2 c2+ 37. Rxc2 Rcxd7 38. Rxd7 Rxd7 39. Rc8+ Rd8 40. Rxd8+
Qxd8 41. Qe4 Kg7 42. Qg4+ Kh6 43. Qe4 Kh5 44. Ka2 Qb6 45. Qc4 Qd6 46. Qe4 Qc5
47. Qe6 Qd4 48. Qf7+ Kg4 49. Qxh7 1/2-1/2

[Event "FLORIPA CHESS OPEN 2015"]
[Site "Florianopolis/SC"]
[Date "2015.01.17"]
[Round "7"]
[Board "22"]
[White "Goncalves, Davi Sulzbacher"]
[Black "Madeira, Wagner Martins"]
[Result "1/2-1/2"]
[WhiteElo "1983"]
[BlackElo "2191"]
[PlyCount "103"]
[EventDate "2015.01.14"]
[EventRounds "10"]
[EventCountry "BRA"]

1. d4 Nf6 2. Nf3 g6 3. c4 Bg7 4. Nc3 O-O 5. e4 d6 6. Be2 e5 7. O-O Nc6 8. d5
Ne7 9. b4 Nh5 10. Re1 f5 11. Ng5 Nf4 12. Bf1 h6 13. Nf3 g5 14. Nd2 a5 15. bxa5
Rxa5 16. a4 b6 17. Ba3 fxe4 18. Ndxe4 Nf5 19. Bb4 Ra8 20. a5 Nd4 21. Nb5 Nxb5
22. cxb5 bxa5 23. Bxa5 Bf5 24. g3 Nh3+ 25. Bxh3 Bxh3 26. Qc2 Rf7 27. Rec1 Ra7
28. Bb4 Qa8 29. Rxa7 Qxa7 30. Bd2 Bf5 31. Be3 Qb7 32. Qc4 Bxe4 33. Qxe4 Qxb5
34. Qc4 Qxc4 35. Rxc4 Kf8 36. Kf1 Ke8 37. Bd2 Kd7 38. Ba5 Kc8 39. Ke2 Bf6 40.
Bd2 Rf8 41. Ba5 Bd8 42. Bd2 c5 43. dxc6 Bb6 44. Be3 Kc7 45. Rc2 Bxe3 46. Kxe3
g4 47. Ke4 h5 48. Kd5 Rf3 49. Ke4 h4 50. Kd5 Ra3 51. Ke4 Ra4+ 52. Kd5 1/2-1/2

[Event "FLORIPA CHESS OPEN 2015"]
[Site "Florianopolis/SC"]
[Date "2015.01.17"]
[Round "7"]
[Board "23"]
[White "Chang, Suzana"]
[Black "Souza, Rafael Cabral De"]
[Result "0-1"]
[WhiteElo "1969"]
[BlackElo "2173"]
[PlyCount "99"]
[EventDate "2015.01.14"]
[EventRounds "10"]
[EventCountry "BRA"]

1. e4 g6 2. d4 Bg7 3. Nf3 d6 4. h3 c5 5. Bb5+ Bd7 6. Bxd7+ Nxd7 7. c3 cxd4 8.
cxd4 Ngf6 9. Nc3 O-O 10. O-O Nb8 11. Qb3 Qb6 12. Qxb6 axb6 13. e5 dxe5 14. dxe5
Nfd7 15. Re1 e6 16. Bf4 Nc6 17. Rad1 Nc5 18. Rd2 Nb4 19. Bg5 Nxa2 20. Ne4 Nxe4
21. Rxe4 Rfc8 22. Rd7 Rc2 23. Rf4 Rf8 24. Be7 Nc1 25. Nd4 Re8 26. Nxc2 Ne2+ 27.
Kf1 Nxf4 28. Bd6 Nd3 29. Rxb7 Nxb2 30. Rxb6 Nc4 31. Rb5 Rd8 32. Be7 Rd1+ 33.
Ke2 Rd2+ 34. Ke1 Bxe5 35. Rxe5 Rxc2 36. Rc5 Kg7 37. g4 f6 38. h4 Kf7 39. Rc7
Ne3 40. Ra7 Nxg4 41. Bb4+ Kg8 42. Ra8+ Kg7 43. Ra7+ Kg8 44. Ra8+ Kf7 45. Ra7+
Ke8 46. Re7+ Kd8 47. Rxe6 Rxf2 48. Re7 Rf4 49. Bd6 Rd4 50. Bc5 0-1

[Event "FLORIPA CHESS OPEN 2015"]
[Site "Florianopolis/SC"]
[Date "2015.01.17"]
[Round "7"]
[Board "24"]
[White "Deste, Dayan Kuhn"]
[Black "Abrantes, Tiago Garrido"]
[Result "0-1"]
[WhiteElo "1970"]
[BlackElo "2147"]
[PlyCount "80"]
[EventDate "2015.01.14"]
[EventRounds "10"]
[EventCountry "BRA"]

1. e4 e5 2. Nf3 Nc6 3. Bc4 Bc5 4. O-O Nf6 5. d3 a6 6. h3 d6 7. Be3 Bxe3 8. fxe3
Na5 9. Bb3 O-O 10. Qe1 Nxb3 11. axb3 Ne8 12. Qh4 Qxh4 13. Nxh4 g6 14. Nc3 c6
15. Na4 f6 16. d4 exd4 17. exd4 Nc7 18. Nb6 Rb8 19. g4 Be6 20. c4 Na8 21. Nxa8
Rxa8 22. d5 Bd7 23. b4 Rae8 24. Rfe1 Re7 25. Rad1 Rfe8 26. dxc6 Bxc6 27. Rxd6
Kg7 28. Kf2 Rxe4 29. Rxe4 Rxe4 30. b3 h5 31. Nf3 Rf4 32. Rxc6 bxc6 33. Ke3 g5
34. gxh5 Rxf3+ 35. Kxf3 f5 36. Ke3 Kh6 37. Kd4 Kxh5 38. b5 axb5 39. cxb5 cxb5
40. Ke5 f4 0-1

[Event "FLORIPA CHESS OPEN 2015"]
[Site "Florianopolis/SC"]
[Date "2015.01.17"]
[Round "7"]
[Board "25"]
[White "De Carvalho, Christopher"]
[Black "Borges, Victor Hugo Moreira"]
[Result "1/2-1/2"]
[WhiteElo "1965"]
[BlackElo "2143"]
[PlyCount "87"]
[EventDate "2015.01.14"]
[EventRounds "10"]
[EventCountry "BRA"]

1. d4 Nf6 2. Nf3 d5 3. Bf4 c5 4. e3 Nc6 5. Be2 e6 6. c3 Bd6 7. Bg3 O-O 8. Nbd2
Qe7 9. Ne5 Qc7 10. f4 b6 11. O-O Bb7 12. Bd3 Ne7 13. Bh4 Ng6 14. Bxf6 gxf6 15.
Ng4 f5 16. Nh6+ Kh8 17. Qh5 Qe7 18. Nf3 Bxf4 19. exf4 Nxf4 20. Qg5 Qxg5 21.
Nxg5 Nxd3 22. Nhxf7+ Kg8 23. Nd6 Bc6 24. Rf3 c4 25. Rg3 f4 26. Rg4 h5 27. Rh4
Rad8 28. Nxe6 Rxd6 29. Nxf8 Kxf8 30. Rxh5 Kg7 31. b4 Be8 32. Rg5+ Kf6 33. h4
Bg6 34. b5 Be4 35. a4 Rd8 36. a5 Rh8 37. axb6 axb6 38. Ra6 Rxh4 39. Rg8 Kf7 40.
Raa8 Ne1 41. Rgf8+ Ke7 42. Rfe8+ Kf7 43. Rf8+ Ke7 44. Rfe8+ 1/2-1/2

[Event "FLORIPA CHESS OPEN 2015"]
[Site "Florianopolis/SC"]
[Date "2015.01.17"]
[Round "7"]
[Board "26"]
[White "Calcado, Acyr Rogerio"]
[Black "Cruz, Arquias Sofocles Guimara"]
[Result "1-0"]
[WhiteElo "2133"]
[BlackElo "1963"]
[PlyCount "63"]
[EventDate "2015.01.14"]
[EventRounds "10"]
[EventCountry "BRA"]

1. e4 e6 2. d4 d5 3. Nc3 Bb4 4. e5 c5 5. a3 Bxc3+ 6. bxc3 Ne7 7. a4 Qc7 8. Nf3
h6 9. h4 b6 10. Bb5+ Bd7 11. Bd3 Bc6 12. O-O Nd7 13. Re1 Bb7 14. h5 Nc6 15. Ba3
Na5 16. Nh4 O-O-O 17. f4 Nc4 18. Bc1 Nf8 19. Qg4 Rg8 20. f5 exf5 21. Bxf5+ Kb8
22. Bf4 Ne6 23. Bxe6 fxe6 24. Qxe6 g5 25. hxg6 Rdf8 26. Bxh6 Rd8 27. Qf7 Qc6
28. e6 Nd6 29. Bf4 Ka8 30. Bxd6 Qxd6 31. e7 Rde8 32. Qxg8 1-0

[Event "FLORIPA CHESS OPEN 2015"]
[Site "Florianopolis/SC"]
[Date "2015.01.17"]
[Round "7"]
[Board "27"]
[White "Mendonca Campelo, Higor Carlos"]
[Black "Peixoto, Helio Ricardo Soutinh"]
[Result "1-0"]
[WhiteElo "2119"]
[BlackElo "1948"]
[PlyCount "47"]
[EventDate "2015.01.14"]
[EventRounds "10"]
[EventCountry "BRA"]

1. e4 c5 2. Nf3 d6 3. d4 cxd4 4. Nxd4 Nf6 5. Nc3 a6 6. f3 e5 7. Nb3 Be6 8. Be3
d5 9. exd5 Nxd5 10. Nxd5 Qxd5 11. Qxd5 Bxd5 12. O-O-O Bxb3 13. axb3 Be7 14. Bd3
O-O 15. Be4 Nc6 16. Rd7 Bf6 17. Rxb7 Nd4 18. c3 Rfc8 19. Kb1 Ne6 20. b4 a5 21.
Rb5 Rcb8 22. Rxa5 Rxa5 23. bxa5 Bd8 24. a6 1-0

[Event "FLORIPA CHESS OPEN 2015"]
[Site "Florianopolis/SC"]
[Date "2015.01.17"]
[Round "7"]
[Board "28"]
[White "Goncalves, Leonardo Yamamoto P"]
[Black "Queiroz, Alberto Becker"]
[Result "0-1"]
[WhiteElo "1945"]
[BlackElo "2111"]
[PlyCount "104"]
[EventDate "2015.01.14"]
[EventRounds "10"]
[EventCountry "BRA"]

1. e4 c6 2. d4 d5 3. exd5 cxd5 4. Bd3 Nc6 5. c3 Qc7 6. Nf3 Bg4 7. O-O e6 8.
Nbd2 Bd6 9. Qa4 Nf6 10. b3 O-O 11. Ba3 a6 12. Bxd6 Qxd6 13. b4 Rfc8 14. Rfe1
Ne7 15. Rac1 a5 16. b5 Qf4 17. Qa3 Nf5 18. h3 Bxf3 19. Nxf3 Nd7 20. Bxf5 Qxf5
21. Qe7 Rd8 22. Ne5 Qf6 23. Qa3 Nb6 24. Re3 Re8 25. Rf3 Qe7 26. Qc5 Na4 27.
Qxe7 Rxe7 28. c4 f6 29. Nd3 dxc4 30. Rxc4 Nb6 31. Rc1 Rd8 32. Rf4 e5 33. Re1
Rc7 34. Rfe4 exd4 35. Nf4 Rd6 36. Ne6 Rc4 37. Nf4 Rd7 38. Rd1 Rb4 39. Ne2 Rxb5
40. Rexd4 Rxd4 41. Rxd4 Rb1+ 42. Kh2 Rb2 43. Ng3 Rxa2 44. Rd8+ Kf7 45. Rb8 Nc4
46. Rxb7+ Kg6 47. Rc7 Ne5 48. Kg1 Nd3 49. h4 h5 50. Ne4 a4 51. Rc3 Ne5 52. Rg3+
Ng4 0-1

[Event "FLORIPA CHESS OPEN 2015"]
[Site "Florianopolis/SC"]
[Date "2015.01.17"]
[Round "7"]
[Board "29"]
[White "Maia, Jonathan Cesar"]
[Black "Silva, Lucas Henrique Da"]
[Result "0-1"]
[WhiteElo "1922"]
[BlackElo "2096"]
[PlyCount "64"]
[EventDate "2015.01.14"]
[EventRounds "10"]
[EventCountry "BRA"]

1. d4 e6 2. Nf3 c5 3. g3 Nc6 4. Bg2 Nf6 5. O-O Be7 6. c4 cxd4 7. Nxd4 O-O 8.
Nc3 a6 9. b3 Qb6 10. Be3 Qa5 11. Nxc6 bxc6 12. Qc2 d5 13. Na4 Rb8 14. cxd5 cxd5
15. Bc5 Bxc5 16. Qxc5 Qd2 17. e3 Qe2 18. Rfc1 Qh5 19. Rc2 e5 20. Qa5 Rb5 21.
Qd2 Rd8 22. Rac1 Rb8 23. Qa5 Bh3 24. Qxa6 d4 25. exd4 exd4 26. Rc5 Qh6 27. Qa7
d3 28. Rd1 Re8 29. f4 Bxg2 30. Kxg2 Re2+ 31. Kf3 Rbe8 32. Rxd3 Qg6 0-1

[Event "FLORIPA CHESS OPEN 2015"]
[Site "Florianopolis/SC"]
[Date "2015.01.17"]
[Round "7"]
[Board "30"]
[White "Reis, Virginia Lagrange M."]
[Black "Pirola, Claudionor Alcides Lim"]
[Result "0-1"]
[WhiteElo "1865"]
[BlackElo "2088"]
[PlyCount "52"]
[EventDate "2015.01.14"]
[EventRounds "10"]
[EventCountry "BRA"]

1. e4 e5 2. Nf3 Nc6 3. Bb5 a6 4. Bxc6 dxc6 5. O-O f6 6. h3 Be6 7. d3 Bd6 8. Be3
Ne7 9. Nbd2 Qd7 10. Nc4 g5 11. Nh2 O-O-O 12. Ng4 Ng8 13. Qe2 h5 14. Nh2 Ne7 15.
Rad1 Ng6 16. d4 Qe7 17. Nxd6+ cxd6 18. d5 cxd5 19. exd5 Bf5 20. Bb6 Rdg8 21.
Rfe1 g4 22. hxg4 hxg4 23. Nxg4 Qh7 24. f3 Bxg4 25. fxg4 Nf4 26. Qe4 Rxg4 0-1

[Event "FLORIPA CHESS OPEN 2015"]
[Site "Florianopolis/SC"]
[Date "2015.01.17"]
[Round "7"]
[Board "31"]
[White "Ferreira, Rodrigo Maycon Miran"]
[Black "Zini, Jhone Marcelo"]
[Result "0-1"]
[WhiteElo "1844"]
[BlackElo "2082"]
[PlyCount "108"]
[EventDate "2015.01.14"]
[EventRounds "10"]
[EventCountry "BRA"]

1. g4 d6 2. Bg2 c6 3. h3 g6 4. c4 Bg7 5. Nc3 e5 6. Nf3 Nf6 7. d3 O-O 8. Bd2 a5
9. a3 Na6 10. O-O Nc5 11. b3 Ne6 12. Rb1 h5 13. g5 Nh7 14. Qc1 Bd7 15. b4 axb4
16. Rxb4 Rb8 17. Ne4 Qc7 18. c5 d5 19. Ng3 Bc8 20. Rb6 Re8 21. e4 d4 22. Ne2
Bf8 23. Bb4 Be7 24. h4 Nhf8 25. Qc2 Nd7 26. Rb1 Ra8 27. Nd2 Nxb6 28. cxb6 Qd8
29. Bxe7 Qxe7 30. Nc4 Nc5 31. f4 exf4 32. Nxf4 Bg4 33. e5 Nd7 34. Re1 Qc5 35.
Qf2 Nxe5 36. Nd2 Bf5 37. Nxh5 gxh5 38. Qxf5 Nf3+ 39. Qxf3 Rxe1+ 40. Bf1 Qc1 41.
g6 fxg6 42. Qf6 Rxf1+ 43. Nxf1 Qh6 44. Qxd4 Qg7 45. Qc4+ Qf7 46. Ne3 Rxa3 47.
Qxf7+ Kxf7 48. Nc4 Ra1+ 49. Kf2 Ke6 50. Kf3 Kd5 51. Ne3+ Kc5 52. Ng2 Kxb6 53.
Nf4 Rf1+ 54. Ke3 Rxf4 0-1

[Event "FLORIPA CHESS OPEN 2015"]
[Site "Florianopolis/SC"]
[Date "2015.01.17"]
[Round "7"]
[Board "32"]
[White "De Haro, Martim Afonso Palma"]
[Black "Rapouso, Ricardo Luis Borba"]
[Result "1/2-1/2"]
[WhiteElo "2036"]
[BlackElo "1922"]
[PlyCount "94"]
[EventDate "2015.01.14"]
[EventRounds "10"]
[EventCountry "BRA"]

1. d4 d5 2. c4 e6 3. Nf3 c6 4. e3 f5 5. g3 Nd7 6. Bg2 dxc4 7. O-O Bd6 8. Nbd2
b5 9. e4 Ne7 10. exf5 exf5 11. a4 Rb8 12. Ng5 Nf6 13. Re1 O-O 14. axb5 h6 15.
Ngf3 cxb5 16. Rxa7 Nc6 17. Ra1 Bb4 18. Qc2 Nxd4 19. Nxd4 Qxd4 20. Nf3 Qd3 21.
Qxd3 cxd3 22. Rd1 Bb7 23. Rxd3 Be4 24. Rb3 Bc5 25. Bf4 Rb7 26. Nd2 Bxg2 27.
Kxg2 Nd5 28. Be5 Re8 29. Nf3 g5 30. Bd4 Bf8 31. Ra5 Bb4 32. Ra6 Kh7 33. Ne5 Bf8
34. Nd3 Re4 35. Nc5 Bxc5 36. Bxc5 g4 37. Rd6 Ne7 38. Rf6 f4 39. Rxf4 Rxf4 40.
gxf4 Nf5 41. Ra3 h5 42. h3 Kg6 43. Ra6+ Kf7 44. hxg4 hxg4 45. Ra7 Rxa7 46. Bxa7
Ke6 47. Kf1 Kd5 1/2-1/2

[Event "FLORIPA CHESS OPEN 2015"]
[Site "Florianopolis/SC"]
[Date "2015.01.17"]
[Round "7"]
[Board "33"]
[White "Lazzarotto, Marcio"]
[Black "Souza, Gustavo Horokoski De"]
[Result "1/2-1/2"]
[WhiteElo "2035"]
[BlackElo "1903"]
[PlyCount "103"]
[EventDate "2015.01.14"]
[EventRounds "10"]
[EventCountry "BRA"]

1. e4 e6 2. d4 d5 3. Nd2 dxe4 4. Nxe4 Nd7 5. Nf3 Ngf6 6. Bg5 Be7 7. Bxf6 Nxf6
8. Bd3 O-O 9. Qe2 Nd5 10. g3 c6 11. c3 Qa5 12. O-O Nf6 13. Ne5 Qc7 14. f4 g6
15. Nxf6+ Bxf6 16. h4 c5 17. Rad1 cxd4 18. cxd4 Rd8 19. Bb1 Qb6 20. Kh2 Bd7 21.
Rf3 Bb5 22. Qf2 Ba4 23. b3 Bc6 24. Rc3 Rac8 25. h5 Be8 26. Rc4 Bb5 27. Rxc8
Rxc8 28. g4 Qd8 29. Be4 Rc3 30. Bxb7 Bh4 31. Qg2 Bg3+ 32. Qxg3 Rxg3 33. Kxg3
Qc7 34. Bf3 Qc2 35. a4 Be2 36. Bxe2 Qxe2 37. Rh1 Qe3+ 38. Nf3 Qxb3 39. Rc1 gxh5
40. gxh5 h6 41. Rc8+ Kg7 42. Rc7 Qb6 43. Rd7 a5 44. Ne5 Qb3+ 45. Kh4 Qxa4 46.
Rxf7+ Kg8 47. Re7 Qxd4 48. Ng6 Qf6+ 49. Kg3 Qc3+ 50. Kh4 Qf6+ 51. Kg3 Qc3+ 52.
Kh4 1/2-1/2

[Event "FLORIPA CHESS OPEN 2015"]
[Site "Florianopolis/SC"]
[Date "2015.01.17"]
[Round "7"]
[Board "35"]
[White "Da Cruz, Karoliny Taiane"]
[Black "Hirota Da Silva, Nilton"]
[Result "1/2-1/2"]
[WhiteElo "1798"]
[BlackElo "2019"]
[PlyCount "77"]
[EventDate "2015.01.14"]
[EventRounds "10"]
[EventCountry "BRA"]

1. d4 c6 2. e4 d6 3. c4 e5 4. Nf3 Bg4 5. dxe5 Bxf3 6. Qxf3 dxe5 7. Be3 Nf6 8.
Be2 Bb4+ 9. Nd2 Na6 10. O-O Bc5 11. Bg5 h6 12. Bxf6 Qxf6 13. Qxf6 gxf6 14. Nf3
O-O 15. Rfd1 Rfd8 16. Nh4 Nc7 17. Nf5 Bf8 18. Rxd8 Rxd8 19. Rd1 Rxd1+ 20. Bxd1
Ne6 21. Bh5 Nc5 22. Bf3 Nd3 23. b3 Nc1 24. Kf1 Nxa2 25. Ke1 Nc1 26. Bd1 Bb4+
27. Kf1 Kh7 28. Ne3 a5 29. Nc2 Bc5 30. Ne1 b5 31. cxb5 cxb5 32. Bc2 Na2 33. Nf3
Nc3 34. Nd2 a4 35. bxa4 bxa4 36. Nb1 Nxb1 37. Bxb1 Kg7 38. Ke2 Kf8 39. Ba2
 1/2-1/2